000
00270nam a22001097a 4500
008
160614b xxu||||| |||| 00| 0 eng d
020
_a
080166764X
041
_a
eng
080
_a
618.2
245
_a
Nursing theorists and their work:
_c
Ann Marriner-Tomey;
942
_2
udc
_c
BK
999
_c
2502
_d
2502